| 000 | 01242nam a2200373 i 4500 | ||
|---|---|---|---|
| 001 | 46839 | ||
| 003 | KOSZ 005 | ||
| 005 | 20210917085716.0 | ||
| 008 | 010110s2001 pl a |001 0 pol | ||
| 015 | _aPB 2001/457 | ||
| 020 | _a8320812968 | ||
| 035 | _a(OCoLC)69506768 | ||
| 040 |
_aWA N _cWA N _dKOSZ 005/HR |
||
| 041 | 0 | _apol | |
| 080 | _a658.1/.5 | ||
| 080 | _a339.137 | ||
| 100 | 1 |
_aObłój, Krzysztof _d(1954- ) _eAutor |
|
| 245 | 1 | 0 |
_aStrategia organizacji : _bw poszukiwaniu trwałej przewagi konkurencyjnej / _cKrzysztof Obłój. |
| 260 |
_aWarszawa : _bPolskie Wydaw. Ekonomiczne, _c2001. |
||
| 300 |
_a340, [4] s. : _bil. ; _c25 cm. |
||
| 336 |
_2rdacontent _aTekst _btxt |
||
| 337 |
_2rdamedia _aBez urządzenia pośredniczącego _bnc |
||
| 338 |
_2rdacarrier _aWolumin _bn |
||
| 380 | _aKsiążki. | ||
| 388 | _a2001- | ||
| 504 | _aBibliogr. przy rozdz. - Indeks. | ||
| 658 | _aZarządzanie i marketing | ||
| 650 | 4 | _aPrzedsiębiorstwo | |
| 650 | 4 | _aOrganizacja | |
| 650 | 4 | _aKonkurencja | |
| 710 | 2 |
_aPolskie Wydawnictwo Ekonomiczne _4pbl. |
|
| 856 |
_uhttp://koha.tu.koszalin.pl/cgi-bin/koha/opac-detail.pl?biblionumber=46839 _yKatalog online BPK |
||
| 942 |
_2UKD _cKS |
||
| 999 |
_c46839 _d46839 |
||